000 00551nam a2200205 a 4500
001 19223
003 CO-ViMGA
008 141112s2004 ck r 000 u spa d
020 _a8476729995
040 _aCO-ViMGA
_bspa
_cCO-ViMGA
082 0 4 _a843 B159
100 1 _aBalzac, Honore de
_93746
245 1 0 _aCuentos libertinos
260 _aBarcelona :
_bEdicomunicación; 1999
300 _a319 p.
490 _aColección cultura; 99
590 _aForma de adquisición : Premio Mincultura
650 1 4 _aCUENTOS FRANCESES
_91078
942 _2ddc
_cBK
999 _c28385
_d28385